El Coco / (Registro nro. 30274)

Detalles MARC
000 -LÍDER
campo de control de longitud fija 01043nam a22002417a 4500
003 - IDENTIFICADOR DE NÚMERO DE CONTROL
campo de control OSt
005 - FECHA Y HORA DE LA ÚLTIMA
campo de control 20231219200330.0
008 - ELEMENTOS DE DATOS DE LONGITUD FIJA - INFORMACIÓN GENERAL
campo de control de longitud fija 231025b |||||||| |||| 00| 0 eng d
020 ## - NÚMERO INTERNACIONAL NORMALIZADO DEL LIBRO
Número de libro estándar internacional 8420537373
037 ## - FUENTE DE ADQUISICIÓN
Materials specified Donación
040 ## - FUENTE DE CATALOGACIÓN
Agencia de catalogación original CO-JMCR
Agencia de transcripción CO-JMCR
Agencia modificadora CO-JMCR
Convenciones de descripción rda
041 ## - CÓDIGO DE IDIOMA
Código de idioma del texto/pista de sonido o título independiente spa
082 ## - NÚMERO DE CLASIFICACIÓN DECIMAL DEWEY
Número de clasificación C
Número de artículo VILc
100 ## - ENTRADA PRINCIPAL - NOMBRE PERSONAL
Nombre personal Villar Liébana, Luisa
Término relativo Autor
9 (RLIN) 43102
245 ## - DECLARACIÓN DEL TÍTULO
Título El Coco /
Declaración de responsabilidad, etc. Luisa Villar Liébana; Ilustraciones de Albertoyos
260 ## - PUBLICACIÓN, DISTRIBUCIÓN, ETC.
Lugar de publicación, distribución, etc. Madrid:
Nombre del editor, distribuidor, etc. Pearson Educación,
Fecha de publicación, distribución, etc. 2002
300 ## - DESCRIPCIÓN FÍSICA
Medida 48 páginas
Dimensiones 20 cm
520 ## - RESUMEN, ETC.
Resumen, etc Cada noche, al acostarse, diego tiene tanto miedo a que el coco pueda aparecérsele que ni duerme ni descansa. Y por las mañanas se queda dormido en el colegio. Cierta noche, alguien se presenta de pronto en su habitación. Una sencilla pero emotiva historia sobre los grandes miedos infantiles que se resuelve de forma novedosa y sorprendente.
521 ## - NOTA PARA EL PÚBLICO OBJETIVO
Nota de público objetivo Infantil 6 años en adelante
650 ## - ENTRADA AÑADIDA DE ASUNTO - TÉRMINO TEMÁTICO
Fuente del encabezado o término JMCR
-- Cuentos infantiles
650 ## - ENTRADA AÑADIDA DE ASUNTO - TÉRMINO TEMÁTICO
Fuente del encabezado o término JMCR
-- Miedos
Subdivisión general Niños
9 (RLIN) 43103
942 ## - ELEMENTOS DE ENTRADA AÑADIDOS (KOHA)
Source of classification or shelving scheme Dewey Decimal Classification
Tipo de artículo Koha Books
999 ## -
-- 30274
-- 16658
Existencias
Estado retirado